Zákaz jednorazových výrobkov z plastu
Rozsiahla novela zákona č. 79/2015 Z. z. o odpadoch a o zmene a doplnení niektorých zákonov v z. n. p., ktorú schválila NR SR dňa 27. novembra 2017, priniesla okrem iného aj zásadné riešenie ďalšieho uvádzania jednorazových výrobkov z plastu. Toto riešenie je radikálne; predstavuje výslovný zákaz ic...
Gespeichert in:
| 1. Verfasser: | |
|---|---|
| Format: | Buchkapitel |
| Sprache: | Slowakisch |
| Schlagworte: | |
| Tags: |
Keine Tags, Fügen Sie das erste Tag hinzu!
|
MARC
| LEADER | 00000naa a2200000 4500 | ||
|---|---|---|---|
| 001 | 0288132 | ||
| 005 | 20240417075215.9 | ||
| 041 | 0 | |a slo | |
| 044 | |a SK | ||
| 245 | 1 | 0 | |a Zákaz jednorazových výrobkov z plastu |c Boris Balog |
| 520 | |a Rozsiahla novela zákona č. 79/2015 Z. z. o odpadoch a o zmene a doplnení niektorých zákonov v z. n. p., ktorú schválila NR SR dňa 27. novembra 2017, priniesla okrem iného aj zásadné riešenie ďalšieho uvádzania jednorazových výrobkov z plastu. Toto riešenie je radikálne; predstavuje výslovný zákaz ich uvádzania. Dôjde tým k zníženiu ich používania a ich postupnému úplnému vytesneniu zo spoločnosti. | ||
| 610 | 2 | 0 | |a výrobky |
| 610 | 2 | 0 | |a plasty |
| 610 | 2 | 0 | |a zmennosť |
| 610 | 2 | 0 | |a právo |
| 610 | 2 | 0 | |a legislatíva |
| 610 | 2 | 0 | |a zákony |
| 100 | 1 | |a Balog, Boris | |